000 00326nam a22001337a 4500
027 _qPB.
040 _cFIZZA ISHAQ
082 _a552.84
_bBRU
100 _aORD,ALISON HOBBS BRUCE.
_989104
245 _aSTRUCTURAL GEOLOGY /
_cBRUCE HOBBS ALISON ORD.
260 _aNEW DEHLI ;
_c2015.
300 _a415 P. ;
942 _2ddc
_cBK
999 _c587941
_d587941